<?xml version="1.0" encoding="UTF-8"?>
<record
    xmlns:xsi="http://www.w3.org/2001/XMLSchema-instance"
    xsi:schemaLocation="http://www.loc.gov/MARC21/slim http://www.loc.gov/standards/marcxml/schema/MARC21slim.xsd"
    xmlns="http://www.loc.gov/MARC21/slim">

  <leader>01182    a2200253   4500</leader>
  <datafield tag="999" ind1=" " ind2=" ">
    <subfield code="c">96921</subfield>
    <subfield code="d">96921</subfield>
  </datafield>
  <controlfield tag="003">NALT</controlfield>
  <controlfield tag="005">20260312155535.0</controlfield>
  <controlfield tag="008">200608b        th ||||| |||| 00| 0 tha d</controlfield>
  <datafield tag="020" ind1=" " ind2=" ">
    <subfield code="a">9789740339076</subfield>
  </datafield>
  <datafield tag="040" ind1=" " ind2=" ">
    <subfield code="a">NALT</subfield>
  </datafield>
  <datafield tag="090" ind1=" " ind2=" ">
    <subfield code="a">KS 106</subfield>
    <subfield code="b">&#xE1B;458&#xE2B; 2563</subfield>
  </datafield>
  <datafield tag="100" ind1="0" ind2=" ">
    <subfield code="a">&#xE1B;&#xE23;&#xE34;&#xE0D;&#xE0D;&#xE32; &#xE14;&#xE35;&#xE1C;&#xE14;&#xE38;&#xE07;</subfield>
    <subfield code="9">45175</subfield>
  </datafield>
  <datafield tag="245" ind1="1" ind2="0">
    <subfield code="a">&#xE2B;&#xE25;&#xE31;&#xE01;&#xE01;&#xE0E;&#xE2B;&#xE21;&#xE32;&#xE22;&#xE25;&#xE34;&#xE02;&#xE2A;&#xE34;&#xE17;&#xE18;&#xE34;&#xE4C;&#xE41;&#xE25;&#xE30;&#xE1A;&#xE17;&#xE27;&#xE34;&#xE40;&#xE04;&#xE23;&#xE32;&#xE30;&#xE2B;&#xE4C; /</subfield>
    <subfield code="c">&#xE1B;&#xE23;&#xE34;&#xE0D;&#xE0D;&#xE32; &#xE14;&#xE35;&#xE1C;&#xE14;&#xE38;&#xE07;.</subfield>
  </datafield>
  <datafield tag="250" ind1=" " ind2=" ">
    <subfield code="a">&#xE1E;&#xE34;&#xE21;&#xE1E;&#xE4C;&#xE04;&#xE23;&#xE31;&#xE49;&#xE07;&#xE17;&#xE35;&#xE48; 1</subfield>
  </datafield>
  <datafield tag="260" ind1=" " ind2=" ">
    <subfield code="a">&#xE01;&#xE23;&#xE38;&#xE07;&#xE40;&#xE17;&#xE1E;&#xE2F; :</subfield>
    <subfield code="b">&#xE2A;&#xE33;&#xE19;&#xE31;&#xE01;&#xE1E;&#xE34;&#xE21;&#xE1E;&#xE4C;&#xE08;&#xE38;&#xE2C;&#xE32;&#xE25;&#xE07;&#xE01;&#xE23;&#xE13;&#xE4C;&#xE21;&#xE2B;&#xE32;&#xE27;&#xE34;&#xE17;&#xE22;&#xE32;&#xE25;&#xE31;&#xE22;,</subfield>
    <subfield code="c">2563.</subfield>
  </datafield>
  <datafield tag="300" ind1=" " ind2=" ">
    <subfield code="a">250 &#xE2B;&#xE19;&#xE49;&#xE32; ;</subfield>
    <subfield code="c">26 &#xE0B;&#xE21;.</subfield>
  </datafield>
  <datafield tag="650" ind1=" " ind2="0">
    <subfield code="a">&#xE25;&#xE34;&#xE02;&#xE2A;&#xE34;&#xE17;&#xE18;&#xE34;&#xE4C;</subfield>
    <subfield code="9">3169</subfield>
  </datafield>
  <datafield tag="650" ind1=" " ind2="4">
    <subfield code="9">45176</subfield>
    <subfield code="a">&#xE25;&#xE34;&#xE02;&#xE2A;&#xE34;&#xE17;&#xE18;&#xE34;&#xE4C;</subfield>
    <subfield code="x">&#xE2A;&#xE34;&#xE17;&#xE18;&#xE34;&#xE43;&#xE19;&#xE01;&#xE32;&#xE23;&#xE41;&#xE2A;&#xE14;&#xE07;</subfield>
  </datafield>
  <datafield tag="650" ind1=" " ind2="0">
    <subfield code="a">&#xE17;&#xE23;&#xE31;&#xE1E;&#xE22;&#xE4C;&#xE2A;&#xE34;&#xE19;&#xE17;&#xE32;&#xE07;&#xE1B;&#xE31;&#xE0D;&#xE0D;&#xE32;</subfield>
    <subfield code="9">18385</subfield>
  </datafield>
  <datafield tag="650" ind1=" " ind2="4">
    <subfield code="9">9865</subfield>
    <subfield code="a">&#xE01;&#xE32;&#xE23;&#xE04;&#xE38;&#xE49;&#xE21;&#xE04;&#xE23;&#xE2D;&#xE07;&#xE17;&#xE23;&#xE31;&#xE1E;&#xE22;&#xE4C;&#xE2A;&#xE34;&#xE19;&#xE17;&#xE32;&#xE07;&#xE1B;&#xE31;&#xE0D;&#xE0D;&#xE32;</subfield>
  </datafield>
  <datafield tag="850" ind1=" " ind2=" ">
    <subfield code="a">NALT</subfield>
  </datafield>
  <datafield tag="942" ind1=" " ind2=" ">
    <subfield code="2">local</subfield>
    <subfield code="c">LB</subfield>
  </datafield>
  <datafield tag="998" ind1=" " ind2=" ">
    <subfield code="c">103</subfield>
    <subfield code="j">111</subfield>
    <subfield code="k"> &#xE19;&#xE32;&#xE07;&#xE2A;&#xE32;&#xE27;&#xE1E;&#xE08;&#xE1E;&#xE34;&#xE13;  &#xE1E;&#xE23;&#xE21;&#xE40;&#xE2D;&#xE35;&#xE48;&#xE22;&#xE21;</subfield>
  </datafield>
  <datafield tag="952" ind1=" " ind2=" ">
    <subfield code="0">0</subfield>
    <subfield code="1">0</subfield>
    <subfield code="2">local</subfield>
    <subfield code="4">0</subfield>
    <subfield code="7">0</subfield>
    <subfield code="8">CLAW</subfield>
    <subfield code="a">NALT</subfield>
    <subfield code="b">NALT</subfield>
    <subfield code="c">LAW</subfield>
    <subfield code="d">2020-05-25</subfield>
    <subfield code="e">60</subfield>
    <subfield code="l">3</subfield>
    <subfield code="m">2</subfield>
    <subfield code="o">KS 106 &#xE1B;458&#xE2B; 2563</subfield>
    <subfield code="p">3961210548</subfield>
    <subfield code="q">2026-03-24</subfield>
    <subfield code="r">2026-03-11 00:00:00</subfield>
    <subfield code="s">2026-03-11</subfield>
    <subfield code="t">&#xE09;.1</subfield>
    <subfield code="w">2020-05-25</subfield>
    <subfield code="y">LB</subfield>
  </datafield>
  <datafield tag="952" ind1=" " ind2=" ">
    <subfield code="0">0</subfield>
    <subfield code="1">0</subfield>
    <subfield code="2">local</subfield>
    <subfield code="4">0</subfield>
    <subfield code="7">0</subfield>
    <subfield code="8">CLAW</subfield>
    <subfield code="a">NALT</subfield>
    <subfield code="b">NALT</subfield>
    <subfield code="c">LAW</subfield>
    <subfield code="d">2020-05-25</subfield>
    <subfield code="e">60</subfield>
    <subfield code="l">5</subfield>
    <subfield code="m">3</subfield>
    <subfield code="o">KS 106 &#xE1B;458&#xE2B; 2563</subfield>
    <subfield code="p">3961210549</subfield>
    <subfield code="r">2024-11-14 00:00:00</subfield>
    <subfield code="s">2024-11-07</subfield>
    <subfield code="t">&#xE09;.2</subfield>
    <subfield code="w">2020-05-25</subfield>
    <subfield code="y">LB</subfield>
  </datafield>
  <datafield tag="952" ind1=" " ind2=" ">
    <subfield code="0">0</subfield>
    <subfield code="1">0</subfield>
    <subfield code="2">local</subfield>
    <subfield code="4">0</subfield>
    <subfield code="7">0</subfield>
    <subfield code="8">CLAW</subfield>
    <subfield code="a">NALT</subfield>
    <subfield code="b">NALT</subfield>
    <subfield code="c">LAW</subfield>
    <subfield code="d">2020-07-21</subfield>
    <subfield code="e">1</subfield>
    <subfield code="l">5</subfield>
    <subfield code="m">3</subfield>
    <subfield code="o">KS 106 &#xE1B;458&#xE2B; 2563</subfield>
    <subfield code="p">3961211131</subfield>
    <subfield code="q">2026-03-26</subfield>
    <subfield code="r">2026-03-12 00:00:00</subfield>
    <subfield code="s">2026-03-12</subfield>
    <subfield code="t">&#xE09;.3</subfield>
    <subfield code="w">2020-07-21</subfield>
    <subfield code="y">LB</subfield>
  </datafield>
  <datafield tag="952" ind1=" " ind2=" ">
    <subfield code="0">0</subfield>
    <subfield code="1">0</subfield>
    <subfield code="2">local</subfield>
    <subfield code="4">0</subfield>
    <subfield code="7">0</subfield>
    <subfield code="8">CLAW</subfield>
    <subfield code="a">NALT</subfield>
    <subfield code="b">NALT</subfield>
    <subfield code="c">LAW</subfield>
    <subfield code="d">2020-07-21</subfield>
    <subfield code="e">1</subfield>
    <subfield code="l">4</subfield>
    <subfield code="m">2</subfield>
    <subfield code="o">KS 106 &#xE1B;458&#xE2B; 2563</subfield>
    <subfield code="p">3961211154</subfield>
    <subfield code="r">2023-06-01 00:00:00</subfield>
    <subfield code="s">2023-05-29</subfield>
    <subfield code="t">&#xE09;.4</subfield>
    <subfield code="w">2020-07-21</subfield>
    <subfield code="y">LB</subfield>
  </datafield>
</record>
